Central Library OPAC University of Rajshahi

Wave filters / (Record no. 13680)

MARC details
000 -LEADER
fixed length control field 00879cam a22002891 4500
001 - CONTROL NUMBER
control field 13680
003 - CONTROL NUMBER IDENTIFIER
rucl marc code BD-RjUL
005 - DATE AND TIME OF LATEST TRANSACTION
control field 20211208235508.0
008 - FIXED-LENGTH DATA ELEMENTS--GENERAL INFORMATION
fixed length control field 140201s19601944enka b 001 0 eng
035 ## - SYSTEM CONTROL NUMBER
System control number (BD-RjUL)13732
System control number (OCoLC)1693462
040 ## - CATALOGING SOURCE
Original cataloging agency DLC
Transcribing agency FMU
Modifying agency OCoLC
-- Uk
-- DLC
Language of cataloging eng
041 ## - LANGUAGE CODE
Language code of text/sound track or separate title eng
082 ## - DEWEY DECIMAL CLASSIFICATION NUMBER
Classification number 621.38413382
Author mark and year JAW 1960
100 1# - MAIN ENTRY--PERSONAL NAME
Personal name Jackson, Leonard Cecil,
Dates associated with a name 1900-
9 (RLIN) 42819
245 10 - TITLE STATEMENT
Title Wave filters /
Statement of responsibility, etc. Leonard Cecil Jackson
250 ## - EDITION STATEMENT
Edition statement [3d ed.]
260 ## - PUBLICATION, DISTRIBUTION, ETC. (IMPRINT)
Place of publication, distribution, etc. London :
Name of publisher, distributor, etc. Methuen;
Place of publication, distribution, etc. New York :
Name of publisher, distributor, etc. Wiley,
Date of publication, distribution, etc. c1944[reprinting1960]
300 ## - PHYSICAL DESCRIPTION
Pagination vii, 107 p. :
Illustrations diagrs. ;
Size 18 cm.
504 ## - BIBLIOGRAPHY, ETC. NOTE
Bibliography, etc includes index
650 #0 - SUBJECT ADDED ENTRY--TOPICAL TERM
Topical term or geographic name as entry element Electric filters.
9 (RLIN) 39744
Topical term or geographic name as entry element Radio
General subdivision Equipment and supplies.
9 (RLIN) 42666
942 ## - ADDED ENTRY ELEMENTS (KOHA)
Source of classification or shelving scheme Dewey Decimal Classification
Koha item type Books
Holdings
Lost status Source of classification or shelving scheme Damaged status Not for loan Collection code Permanent Location Current Location Shelving location Date acquired Source of acquisition Cost, normal purchase price Total Checkouts Full call number Date last seen Copy number Koha item type
  Dewey Decimal Classification   Not For Loan Non-fiction Central Library, University of Rajshahi Central Library, University of Rajshahi Reading Room 14/12/1967 Book view ,Dacca. 8.00   621.38413382 JAW 1960 01/02/2014 C-1 Books
  Dewey Decimal Classification     Non-fiction Central Library, University of Rajshahi Central Library, University of Rajshahi   26/06/1976 Asia foundation     621.38413382 JAW 1963 05/02/2014 C-2 Books